Word Ladder: Super Bowl LII Quiz Stats

 Plays Quiz Updated Feb 2, 2020

     
Support Sporcle.
Go Orange.
Score 0/30 Timer 03:00
3 Plays Today
Hint 4-Letter Word % Correct
Opposite of meanNICE
93.4%
African riverNILE
93.1%
Patriots coach, Belichick• BILL •
91.1%
Where hockey is playedRINK
90.8%
Eagles QB, Foles• NICK •
90.5%
What a Super Bowl winner gets• RING •
89.2%
Gallbladder productBILE
86.9%
SimbaLION
80.5%
General Hospital's SpringfieldRICK
80%
Former Pat, former Eagles DE, Chris• LONG •
78.5%
SoloLONE
76.7%
GlanceLOOK
72%
A dittySONG
70.2%
Road unitLANE
69.6%
Animated '16 McConaughey movieSING
68.8%
Hint 4-Letter Word % Correct
Fish-diving birdLOON
67.9%
Open, weblike fabric patternLACE
65.9%
Jolly Roger CaptainHOOK
65.8%
King of the Hill propane salesmanHANK
63.6%
Eagles TE, Ertz• ZACH •
63.5%
To toot one's hornHONK
62.8%
To chopHACK
61.2%
Master WinduMACE
60%
Saved by the Bell student, MorrisZACK
59.2%
Patriots RB, Lewis• DION •
57.5%
Speed of sound ratioMACH
54.5%
Eagles coach, Pederson• DOUG •
51.6%
French luxury goods companyDIOR
43.9%
Front, back or sideDOOR
39.5%
GloomyDOUR
37.7%

Today's Daily Dose

Missing Word
Judy Blume

Word Ladder
Young MC

Quick Pick
December Things

Get the Picture
Civil War Battles

From the Vault

This 'And' That TV Shows

by MrChewypoo

Sometimes we prefer that, but other times this is where it's at.
Remove Ads.
Support Sporcle.
Get the best of Sporcle when you Go Orange. This ad-free experience offers more features, more stats, and more fun while also helping to support Sporcle. Thank you for becoming a member.

Show Comments

Extras

Top Quizzes Today


Score Distribution

Your Account Isn't Verified!

In order to create a playlist on Sporcle, you need to verify the email address you used during registration. Go to your Sporcle Settings to finish the process.

Report this User

Report this user for behavior that violates our Community Guidelines.

Details: